[Event "Oberliga Ost playoff 9596"]
[Site "?"]
[Date "1996.??.??"]
[Round "?"]
[White "Linker Torsten"]
[Black "Liedtke Matthias"]
[Result "0-1"]
[WhiteElo "2275"]
[BlackElo "2280"]
[PlyCount "64"]
[EventDate "1996.??.??"]
[Source "www.chesslib.no"]
[SourceDate "2004.05.04"]

1. e4 e6 2. c4 d5 3. cxd5 exd5 4. Qb3 dxe4 5. Bc4 Qd7 6. f3 Nc6 7. fxe4 Nd4 8. Qd3 Bc5 9. Nf3 Nf6 10. Nc3 O-O 11. Nxd4 Bxd4 12. Ne2 Bb6 13. Qxd7 Bxd7 14. d3 Be6 15. Bxe6 fxe6 16. Nf4 Rae8 17. Ke2 g5 18. Nh3 g4 19. Ng1 Nd5 20. Bd2 Rf2+ 21. Ke1 Rxg2 22. Ne2 Ne3 23. Nf4 Nc2+ 24. Kd1 Rxd2+ 25. Kxd2 Nxa1 26. Rxa1 Rf8 27. Nxe6 Rf6 28. Nd8 Bd4 29. Rc1 Rf2+ 30. Ke1 c5 31. Nxb7 Rxh2 32. Rc4 g3 0-1

[Event "Hallsberg Open U18 38th"]
[Site "?"]
[Date "2003.01.05"]
[Round "9"]
[White "Kjartansson David"]
[Black "Meier Georg"]
[Result "1-0"]
[WhiteElo "2299"]
[BlackElo "2249"]
[PlyCount "55"]
[EventDate "2003.??.??"]
[Source "www.chesslib.no"]
[SourceDate "2004.05.04"]

1. e4 e6 2. c4 d5 3. exd5 exd5 4. cxd5 Nf6 5. Bb5+ Nbd7 6. Nc3 Be7 7. Nf3 O-O 8. O-O Nb6 9. d4 Bg4 10. h3 Bh5 11. Be2 Nbxd5 12. Qb3 Qd6 13. Re1 Rfe8 14. Bd2 Rad8 15. Rac1 Nf4 16. Nb5 Nxe2+ 17. Rxe2 Qa6 18. g4 Bg6 19. Re5 Bd6 20. Nxc7 Bxc7 21. Rxc7 Ne4 22. Be3 Qe2 23. Kg2 Kh8 24. Nh4 Nd6 25. Nxg6+ fxg6 26. Qc2 Qa6 27. Bg5 Rc8 28. Rxc8 1-0

[Event "1. Central League"]
[Site "?"]
[Date "2004.09.26"]
[Round "2"]
[White "Djoric Dusan"]
[Black "Batanjac Aleksandar"]
[Result "0-1"]
[WhiteElo "2316"]
[BlackElo "2229"]
[PlyCount "22"]
[EventDate "2004.??.??"]
[Source "www.chesslib.no"]
[SourceDate "2004.05.04"]

1. e4 e6 2. c4 b6 3. Nc3 Bb7 4. a3 d5 5. cxd5 exd5 6. exd5 Qe7+ 7. Be2 Nf6 8. Nf3 Nbd7 9. O-O O-O-O 10. Re1 Ne4 11. Bf1 Ndf6 0-1

[Event "ch-POR"]
[Site "?"]
[Date "1999.09.11"]
[Round "4"]
[White "Rocha Sergio"]
[Black "Durao Joaquim"]
[Result "1-0"]
[WhiteElo "2427"]
[BlackElo "2117"]
[PlyCount "99"]
[EventDate "1999.??.??"]
[Source "www.chesslib.no"]
[SourceDate "2004.05.04"]

1. e4 e6 2. c4 d5 3. exd5 exd5 4. cxd5 Nf6 5. Nc3 Nxd5 6. Bc4 Nb6 7. Bb3 Nc6 8. Nge2 Bf5 9. d4 Bd6 10. a4 a5 11. Be3 Nb4 12. O-O c6 13. Re1 O-O 14. Ng3 Bxg3 15. hxg3 Qd7 16. Qd2 Rfe8 17. Rad1 Be6 18. Bc2 Nc4 19. Qc1 Bf5 20. Bxf5 Qxf5 21. Re2 Re6 22. b3 Nb6 23. Bf4 Rxe2 24. Nxe2 N6d5 25. Nc3 Nxf4 26. gxf4 Rd8 27. Qe3 Nd5 28. Nxd5 Qxd5 29. Qe7 Qd7 30. Qc5 Qd5 31. Qb6 c5 32. Qxa5 cxd4 33. Qxd5 Rxd5 34. Kf1 Kf8 35. Rc1 b5 36. a5 b4 37. Ra1 d3 38. Ke1 Ke7 39. a6 Rd8 40. Kd2 Kd6 41. a7 Ra8 42. Kxd3 Kc5 43. Ra4 Rd8+ 44. Ke4 Re8+ 45. Kf3 Ra8 46. g4 Kb5 47. Kg3 Kc5 48. f5 Kb5 49. Kf4 Kc5 50. f6 1-0

[Event "Moscow RUS"]
[Site "?"]
[Date "2006.02.12"]
[Round "6"]
[White "Aleskerov Faik"]
[Black "Krainov Alexey"]
[Result "1/2-1/2"]
[WhiteElo "2325"]
[BlackElo "2215"]
[PlyCount "59"]
[EventDate "2006.??.??"]
[Source "www.chesslib.no"]
[SourceDate "2004.05.04"]

1. e4 e6 2. c4 d5 3. cxd5 exd5 4. exd5 Nf6 5. Nc3 Be7 6. Bb5+ Nbd7 7. Nge2 O-O 8. O-O Nb6 9. Nf4 Nbxd5 10. d4 Bg4 11. Be2 Bxe2 12. Qxe2 Re8 13. Qf3 c6 14. Nfxd5 Nxd5 15. Nxd5 Qxd5 16. Qxd5 cxd5 17. Be3 Bd6 18. Rfe1 Re6 19. Kf1 Rae8 20. Rac1 f5 21. Bd2 Rxe1+ 22. Bxe1 Kf7 23. Bd2 h6 24. Rc3 Re4 25. Rb3 b6 26. Rd3 g5 27. a4 Kf6 28. h3 Re7 29. Rb3 Re4 30. Be3 1/2-1/2

[Event "POL-ch U26"]
[Site "?"]
[Date "1998.??.??"]
[Round "?"]
[White "Kosiorek Marek"]
[Black "Kludacz Magdalena"]
[Result "1/2-1/2"]
[WhiteElo "2360"]
[BlackElo "2180"]
[PlyCount "92"]
[EventDate "1998.??.??"]
[Source "www.chesslib.no"]
[SourceDate "2004.05.04"]

1. e4 e6 2. c4 d5 3. exd5 exd5 4. cxd5 Nf6 5. Bb5+ Nbd7 6. Nc3 a6 7. Qa4 Be7 8. Nf3 O-O 9. Be2 Nb6 10. Qd1 Nbxd5 11. d4 Bb4 12. Bd2 c6 13. O-O Bg4 14. h3 Bh5 15. g4 Bg6 16. Ne5 Bxc3 17. bxc3 Ne4 18. Rc1 Qa5 19. Bc4 b5 20. Nxc6 Nexc3 21. Bxc3 Nxc3 22. Nxa5 Nxd1 23. Bd5 Rad8 24. Nc6 Nb2 25. Nxd8 Rxd8 26. Bb7 Bd3 27. Rfe1 Bc4 28. Re3 a5 29. a3 h6 30. Rc2 Nd3 31. Re4 g5 32. Rc3 Nf4 33. Kh2 Rd7 34. Bc6 Rd6 35. Ba8 Rd8 36. Bb7 Rd7 37. Bc8 Rd8 38. Bf5 Bd5 39. Re7 b4 40. Rc5 bxa3 41. Rxa5 a2 42. Be4 Bc4 43. Rc7 Rxd4 44. Rxc4 Rxc4 45. f3 Rc1 46. Rxa2 Re1 1/2-1/2

[Event "SVK Team Ch"]
[Site "Slovakia"]
[Date "1995.??.??"]
[Round "?"]
[White "Kriz, Oliver"]
[Black "Eid, Eva"]
[Result "1/2-1/2"]
[WhiteElo "2285"]
[BlackElo "2250"]
[PlyCount "180"]
[EventDate "1995.??.??"]
[Source "www.chesslib.no"]
[SourceDate "2004.05.04"]

1. e4 e6 2. c4 d5 3. cxd5 exd5 4. exd5 Nf6 5. Bb5+ Bd7 6. Bc4 Bg4 7. Qb3 Bc5 8. Ne2 Bxe2 9. Bxe2 Qxd5 10. Qxd5 Nxd5 11. Bf3 c6 12. Bxd5 cxd5 13. O-O Nc6 14. b3 Nb4 15. Ba3 Bd4 16. Nc3 Nc2 17. Rae1+ Nxe1 18. Rxe1+ Kd8 19. Nxd5 Rc8 20. Kf1 Re8 21. Ne3 Rc6 22. Bb4 Kd7 23. Rd1 g6 24. Ke2 Kc8 25. g3 Rd8 26. a4 Re8 27. Kd3 Bxe3 28. fxe3 Rd8+ 29. Ke2 Rd5 30. Bc3 Rh5 31. h4 g5 32. hxg5 Rxg5 33. Kf3 h5 34. Rh1 a5 35. Rh4 Rcg6 36. Kf4 Kd7 37. e4 Ke6 38. d4 Rxg3 39. d5+ Ke7 40. Bxa5 Rxb3 41. Rxh5 Rf6+ 42. Ke5 Ra6 43. Bd2 Rxa4 44. Bg5+ Kd7 45. Rh7 Rf3 46. Rh8 Ra5 47. Rd8+ Kc7 48. Rf8 Ra6 49. Be7 Kd7 50. Bg5 Kc7 51. Bd8+ Kd7 52. Bg5 Rg6 53. Rd8+ Kc7 54. d6+ Kb6 55. Be7 Re6+ 56. Kd4 Rf4 57. Re8 Rfxe4+ 58. Kd3 Re3+ 59. Kd2 R3e5 60. Rf8 Rxe7 61. dxe7 Rxe7 62. Kc3 Kc5 63. Rd8 Re3+ 64. Kd2 Re6 65. Kc3 Re3+ 66. Kd2 Rf3 67. Rc8+ Kb4 68. Rh8 b5 69. Rh4+ Ka3 70. Kc2 Rf2+ 71. Kb1 b4 72. Rh8 Rf1+ 73. Kc2 b3+ 74. Kc3 Rf3+ 75. Kd2 Rf4 76. Kc3 Rf3+ 77. Kd2 b2 78. Kc2 Ka2 79. Ra8+ Ra3 80. Rb8 Ra5 81. Rxb2+ Ka3 82. Rb8 Rd5 83. Kc3 Ka2 84. Kc2 Ra5 85. Kd3 Ka3 86. Ke4 Ka4 87. Kf4 Rc5 88. Rf8 Rc1 89. Rb8 Rf1+ 90. Ke3 Rf5 1/2-1/2

[Event "USA-op Los Angeles"]
[Site "Los Angeles, CA USA"]
[Date "1991.??.??"]
[Round "?"]
[White "Hurdle, Robert"]
[Black "Duckworth, William Mark"]
[Result "0-1"]
[WhiteElo "2235"]
[BlackElo "2300"]
[PlyCount "110"]
[EventDate "1991.07.??"]
[Source "www.chesslib.no"]
[SourceDate "2004.05.04"]

1. e4 e6 2. c4 c5 3. Nf3 Nc6 4. Nc3 a6 5. d4 cxd4 6. Nxd4 d6 7. Be2 Be7 8. Be3 Nf6 9. f4 Bd7 10. Qd2 Qc7 11. O-O Rd8 12. Rac1 Nxd4 13. Qxd4 Bc6 14. Nd5 Qd7 15. Bf3 exd5 16. exd5 Ba4 17. b3 O-O 18. bxa4 Qxa4 19. g4 Nd7 20. g5 f5 21. Rf2 Nc5 22. Bd2 Rfe8 23. Bh5 Bf8 24. Bxe8 Rxe8 25. Bc3 Re4 26. Qd1 Rxc4 27. Qxa4 Rxa4 28. Rcc2 Kf7 29. Ba1 Be7 30. Rxc5 dxc5 31. Be5 Re4 32. h4 b5 33. Rd2 Bd8 34. Kg2 c4 35. Rc2 g6 36. Rb2 Bb6 37. Rd2 Ke8 38. Kf1 Kd7 39. h5 c3 40. Rh2 Bd4 41. hxg6 hxg6 42. Rh7+ Kc8 43. Rc7+ Kd8 44. Bd6 Bh8 45. Rc6 Kd7 46. Rxa6 c2 47. Ba3 Rxf4+ 48. Ke2 Ra4 49. Rd6+ Kc7 50. Rc6+ Kd7 51. Bc1 Rd4 52. Rxg6 Rxd5 53. Be3 Be5 54. Bc1 Bd6 55. Bd2 f4 0-1

[Event "CZE-chTV 0001"]
[Site "?"]
[Date "2000.??.??"]
[Round "1"]
[White "Seleljo Daniel"]
[Black "Hlavacek Robert"]
[Result "1/2-1/2"]
[WhiteElo "2344"]
[BlackElo "2188"]
[PlyCount "102"]
[EventDate "2000.??.??"]
[Source "www.chesslib.no"]
[SourceDate "2004.05.04"]

1. e4 e6 2. c4 d5 3. cxd5 exd5 4. exd5 Nf6 5. Bb5+ Nbd7 6. Nc3 Be7 7. d4 O-O 8. Nf3 Nb6 9. Ne5 Nbxd5 10. O-O c6 11. Bc4 Qa5 12. Bb3 Be6 13. Bg5 Rad8 14. Qf3 Nc7 15. Ne4 Nxe4 16. Bxe7 Nd2 17. Qf4 Nxf1 18. Bxd8 Bxb3 19. Bxc7 Qxc7 20. axb3 f6 21. Nd3 Qxf4 22. Nxf4 Nd2 23. Rxa7 Re8 24. h4 Re7 25. b4 Rd7 26. b5 cxb5 27. d5 g5 28. hxg5 fxg5 29. Ne6 Rxd5 30. Rxb7 Ne4 31. f3 Nc5 32. Rb8+ Kf7 33. Nc7 Rd1+ 34. Kh2 Ne6 35. Nxe6 Kxe6 36. Rxb5 Kf6 37. g4 Rd2+ 38. Kg3 h6 39. Rb7 Kg6 40. b4 Rb2 41. b5 Kf6 42. b6 Kg6 43. Kh3 Kf6 44. Rb8 Kg7 45. Kg3 Kh7 46. b7 Kg7 47. f4 Rb3+ 48. Kg2 gxf4 49. Kf2 Kh7 50. Ke2 Kg7 51. Kf2 Kh7 1/2-1/2

[Event "Sant Boi op"]
[Site "?"]
[Date "1998.??.??"]
[Round "4"]
[White "Lerch Gallemi Jose Maria"]
[Black "Vazquez Cortado Juan Antonio"]
[Result "1-0"]
[WhiteElo "2330"]
[BlackElo "2200"]
[PlyCount "39"]
[EventDate "1998.??.??"]
[Source "www.chesslib.no"]
[SourceDate "2004.05.04"]

1. e4 e6 2. c4 c5 3. Nc3 b6 4. Nf3 Nc6 5. d4 cxd4 6. Nxd4 Bb7 7. Ndb5 d6 8. Bf4 e5 9. Nd5 Rc8 10. Be3 Nf6 11. Bg5 a6 12. Bxf6 gxf6 13. Nbc3 Nd4 14. Bd3 Bg7 15. O-O O-O 16. f4 b5 17. b3 f5 18. exf5 b4 19. f6 bxc3 20. Qg4 1-0

[Event "FIN Ch"]
[Site "Helsinki FIN"]
[Date "1988.??.??"]
[Round "8"]
[White "Partanen, Juha"]
[Black "Lehtivaara, Risto"]
[Result "1-0"]
[WhiteElo "2250"]
[BlackElo "2280"]
[PlyCount "70"]
[EventDate "1988.??.??"]
[Source "www.chesslib.no"]
[SourceDate "2004.05.04"]

1. e4 e6 2. c4 d5 3. cxd5 exd5 4. exd5 Nf6 5. Nc3 Nxd5 6. Bc4 Nb6 7. Bb3 c5 8. Nf3 Nc6 9. O-O Be7 10. a4 a5 11. Nb5 c4 12. Bc2 Nb4 13. Be4 O-O 14. d4 f5 15. Bb1 Bd7 16. Bf4 N4d5 17. Be5 Bxb5 18. axb5 Qd7 19. b3 cxb3 20. Qxb3 a4 21. Qd3 Nb4 22. Qe2 Ra5 23. Re1 N6d5 24. b6 Nxb6 25. Bf4 N6d5 26. Bd2 Ra6 27. Ne5 Qe8 28. Qf3 Qc8 29. Nd3 Qc6 30. Rxe7 Nxd3 31. Ba2 Rd8 32. Qxf5 Qf6 33. Bxd5+ Rxd5 34. Qxd5+ Re6 35. Rxe6 Qxf2+ 1-0

[Event "Veszprem IM 6th"]
[Site "?"]
[Date "2000.??.??"]
[Round "5"]
[White "Reiss Attila"]
[Black "Peredy Ferenc"]
[Result "1-0"]
[WhiteElo "2155"]
[BlackElo "2374"]
[PlyCount "79"]
[EventDate "2000.??.??"]
[Source "www.chesslib.no"]
[SourceDate "2004.05.04"]

1. e4 e6 2. c4 b6 3. Nc3 Bb7 4. Nge2 c5 5. g3 f5 6. Bg2 Nf6 7. d3 Be7 8. O-O Qc8 9. b3 O-O 10. Bb2 g6 11. Qd2 Rf7 12. Rfe1 Nc6 13. exf5 gxf5 14. d4 Nxd4 15. Nxd4 cxd4 16. Qxd4 Bxg2 17. Kxg2 Qc6+ 18. Kg1 Bf8 19. Rad1 Qf3 20. Qd3 Qh5 21. Kg2 Bc5 22. h3 Raf8 23. Ne2 Rg7 24. Nf4 Qh6 25. Qf3 Rff7 26. Bxf6 Qxf6 27. Nh5 Qb2 28. Nxg7 Kxg7 29. Re2 Qf6 30. Qf4 d6 31. g4 e5 32. Qxf5 Qh4 33. Qc2 Rf4 34. Rd3 e4 35. Rd5 Kg8 36. Rh5 Qe7 37. Qd2 Qf6 38. Qd5+ Kh8 39. Rf5 Qh6 40. Qa8+ 1-0

[Event "NED-ch team"]
[Site "?"]
[Date "2000.03.18"]
[Round "5"]
[White "Erwich Frank A S"]
[Black "Geurink Jasper"]
[Result "1/2-1/2"]
[WhiteElo "2224"]
[BlackElo "2300"]
[PlyCount "83"]
[EventDate "2000.??.??"]
[Source "www.chesslib.no"]
[SourceDate "2004.05.04"]

1. e4 e6 2. c4 d5 3. cxd5 exd5 4. exd5 Nf6 5. Bb5+ Nbd7 6. Qf3 Be7 7. Ne2 O-O 8. Bxd7 Qxd7 9. Nbc3 Rd8 10. Nf4 Bd6 11. O-O Bxf4 12. Qxf4 Nxd5 13. Nxd5 Qxd5 14. Qxc7 Bd7 15. Qg3 Rac8 16. d4 Rc6 17. Qe5 Be6 18. Qxd5 Bxd5 19. Bd2 Rc2 20. Bc3 Re8 21. Rfe1 Rce2 22. Rxe2 Rxe2 23. a3 f6 24. Rc1 h5 25. h3 Kf7 26. Rd1 Ke6 27. Re1 Rxe1+ 28. Bxe1 Bc6 29. Bb4 Kd5 30. Bf8 g6 31. Bb4 Ke4 32. Bc3 Bd5 33. Kh2 Kf4 34. Bd2+ Kf5 35. h4 g5 36. hxg5 fxg5 37. Be3 a6 38. Bd2 Bc6 39. Ba5 Ke4 40. Bd2 Kf5 41. Ba5 Ke4 42. Bd2 1/2-1/2

[Event "It (open)"]
[Site "?"]
[Date "2005.08.10"]
[Round "5"]
[White "Van Weersel Arlette"]
[Black "Brinck Claussen Bjorn"]
[Result "1/2-1/2"]
[WhiteElo "2173"]
[BlackElo "2348"]
[PlyCount "53"]
[EventDate "2005.??.??"]
[Source "www.chesslib.no"]
[SourceDate "2004.05.04"]

1. e4 e6 2. c4 d5 3. cxd5 exd5 4. exd5 Nf6 5. Bb5+ Nbd7 6. Nc3 Be7 7. Nf3 O-O 8. O-O Nb6 9. d4 h6 10. Re1 Nbxd5 11. Ne5 Bf5 12. Qf3 Bh7 13. Qg3 Kh8 14. Bc4 c6 15. Qf3 a6 16. Bxd5 cxd5 17. Be3 Kg8 18. Rac1 Qa5 19. Bd2 Qd8 20. Na4 Ne4 21. Bf4 Qa5 22. Qb3 Bb4 23. Re2 Rad8 24. a3 Bd6 25. f3 Ng5 26. Bd2 Qb5 27. Qxb5 1/2-1/2

[Event "Yerevan ARM"]
[Site "?"]
[Date "1996.09.26"]
[Round "10"]
[White "Torres Jose Arturo"]
[Black "Rojas Luis CHI"]
[Result "1-0"]
[WhiteElo "2165"]
[BlackElo "2355"]
[PlyCount "69"]
[EventDate "1996.??.??"]
[Source "www.chesslib.no"]
[SourceDate "2004.05.04"]

1. e4 e6 2. c4 d5 3. exd5 exd5 4. cxd5 Nf6 5. Nc3 Be7 6. Nf3 O-O 7. d4 Nxd5 8. Bd3 Nxc3 9. bxc3 c5 10. O-O cxd4 11. cxd4 Nc6 12. Be3 Be6 13. Ne5 Nxe5 14. dxe5 Qd5 15. Qb1 Qxe5 16. Qxb7 Bd6 17. g3 Bd5 18. Qd7 g6 19. Qg4 Bb7 20. Qd4 Qh5 21. Rab1 Be5 22. Qa4 Bf3 23. Be4 Rad8 24. Bxf3 Qxf3 25. Rfd1 h5 26. Rxd8 Rxd8 27. Qc4 a5 28. Rc1 Kg7 29. Re1 Rd5 30. Rf1 Rd7 31. Qa4 Rd5 32. Qc4 Rd7 33. Qa4 Qd5 34. Re1 Qf3 35. Qxd7 1-0

[Event "Sant Boi op"]
[Site "?"]
[Date "1996.??.??"]
[Round "?"]
[White "Lerch Gallemi Jose Maria"]
[Black "Ribera Nebot Juan"]
[Result "0-1"]
[WhiteElo "2355"]
[BlackElo "2160"]
[PlyCount "40"]
[EventDate "1996.??.??"]
[Source "www.chesslib.no"]
[SourceDate "2004.05.04"]

1. e4 e6 2. c4 c5 3. Nc3 Nc6 4. d3 d6 5. f4 g6 6. Nf3 Bg7 7. Be2 Nd4 8. O-O Ne7 9. Rb1 O-O 10. Qe1 Nec6 11. a3 a5 12. Qg3 a4 13. Bd1 Bd7 14. Nxa4 Rxa4 15. Bxa4 Ne2+ 16. Kh1 Nxg3+ 17. hxg3 Nd4 18. Bxd7 Qxd7 19. Nxd4 Bxd4 20. b4 Qa4 0-1

[Event "Budapest FS03 IM-B"]
[Site "Budapest HUN"]
[Date "1994.??.??"]
[Round "2"]
[White "Kerek, Krisztian"]
[Black "Meyer, Peter"]
[Result "0-1"]
[WhiteElo "2170"]
[BlackElo "2345"]
[PlyCount "68"]
[EventDate "1994.03.??"]
[Source "www.chesslib.no"]
[SourceDate "2004.05.04"]

1. e4 e6 2. c4 d5 3. cxd5 exd5 4. exd5 Nf6 5. Bb5+ Nbd7 6. Nc3 Bd6 7. Qf3 O-O 8. Bxd7 Bxd7 9. h3 b5 10. d3 b4 11. Ne4 Nxe4 12. dxe4 f5 13. e5 Bxe5 14. Ne2 Qf6 15. O-O f4 16. Bd2 Bd6 17. a3 bxa3 18. Bc3 Qf7 19. bxa3 Bb5 20. Rfd1 Bc4 21. Rd4 Ba6 22. Bb4 Rfe8 23. Nc3 Qf6 24. Rad1 Be5 25. Re4 Bc8 26. d6 Bb7 27. d7 Red8 28. Nd5 Bxd5 29. Rxd5 Bd6 30. Bxd6 cxd6 31. Rxf4 Qe6 32. Rdf5 h6 33. Rf7 Rab8 34. Rg4 Qxf7 0-1

[Event "V Open Parsvnath"]
[Site "Nuova Delhi IND"]
[Date "2007.01.15"]
[Round "1"]
[White "Sitaram, A."]
[Black "Drozdovskij, Y."]
[Result "0-1"]
[WhiteElo "1950"]
[BlackElo "2562"]
[PlyCount "77"]
[EventDate "2007.01.15"]
[Source "www.chesslib.no"]
[SourceDate "2004.05.04"]

1. e4 e6 2. c4 d5 3. Nc3 dxe4 4. Nxe4 e5 5. d3 Nc6 6. g3 Bf5 7. Bg2 Bb4+ 8. Kf1 Qd7 9. Be3 O-O-O 10. a3 Be7 11. Ke2 Bg4+ 12. f3 Be6 13. h4 h6 14. b4 Nd4+ 15. Kf2 f5 16. Nc3 Nf6 17. Nge2 Nxe2 18. Kxe2 f4 19. gxf4 Nh5 20. Ne4 Nxf4+ 21. Bxf4 exf4 22. Qd2 g5 23. hxg5 hxg5 24. Qc3 Rh4 25. Rad1 Bf5 26. Rxh4 gxh4 27. Qe5 h3 28. Bh1 Be6 29. Rd2 Rg8 30. Qxf4 Rg1 31. Qh2 Qd4 32. Qf2 Qxf2+ 33. Nxf2 Bh4 34. f4 Bxf2 35. Kxf2 Rxh1 36. Kg3 Rg1+ 37. Kh2 Rf1 38. Kg3 Ra1 39. Rd1 0-1

[Event "Oberliga Ost B 9798"]
[Site "?"]
[Date "1998.??.??"]
[Round "?"]
[White "Chandler Patrick"]
[Black "Klingelhoefer Stefan"]
[Result "1/2-1/2"]
[WhiteElo "2195"]
[BlackElo "2305"]
[PlyCount "44"]
[EventDate "1998.??.??"]
[Source "www.chesslib.no"]
[SourceDate "2004.05.04"]

1. e4 e6 2. c4 d5 3. exd5 exd5 4. cxd5 Nf6 5. Bb5+ Nbd7 6. Nc3 Be7 7. Nge2 O-O 8. O-O Nb6 9. d4 Nbxd5 10. Re1 Be6 11. Bg5 Nxc3 12. bxc3 Qd5 13. Bxf6 Bxf6 14. Ba4 Qg5 15. Bb3 Bg4 16. Qd3 c5 17. Ng3 cxd4 18. h3 Bd7 19. Ne4 Qf4 20. Nxf6+ Qxf6 21. cxd4 Rfe8 22. Rxe8+ Rxe8 1/2-1/2

[Event "Prague AKO op"]
[Site "?"]
[Date "2001.??.??"]
[Round "?"]
[White "Mazur David"]
[Black "Kubala Martin"]
[Result "0-1"]
[WhiteElo "2170"]
[BlackElo "2330"]
[PlyCount "84"]
[EventDate "2001.??.??"]
[Source "www.chesslib.no"]
[SourceDate "2004.05.04"]

1. e4 e6 2. c4 d5 3. cxd5 exd5 4. exd5 Nf6 5. Nf3 Nxd5 6. d4 Bb4+ 7. Bd2 Bxd2+ 8. Qxd2 Bf5 9. Bb5+ c6 10. Be2 Bxb1 11. Rxb1 Qd6 12. O-O Nd7 13. b4 a6 14. a4 b5 15. axb5 axb5 16. Rfc1 O-O 17. Ne5 Nb8 18. g3 f6 19. Nd3 Rd8 20. Nc5 Ra7 21. Bg4 Re7 22. Re1 Rde8 23. Rxe7 Rxe7 24. Re1 Rxe1+ 25. Qxe1 Nc7 26. Qa1 Nd5 27. Qa7 Qc7 28. Be6+ Kf8 29. Qxb8+ Qxb8 30. Nd7+ Ke7 31. Nxb8 Kxe6 32. Nxc6 Nc3 33. Kf1 Kd6 34. Na5 Kd5 35. Ke1 Kxd4 36. Kd2 Nd5 37. Nc6+ Kc4 38. Nd8 Kxb4 39. Ne6 g6 40. Nf8 Ka3 41. Kc2 b4 42. Nd7 b3+ 0-1

[Event "Osteropen, Essen-Borbeck GER"]
[Site "?"]
[Date "2001.??.??"]
[Round "2"]
[White "Limbourg, P."]
[Black "Frohne, G."]
[Result "1/2-1/2"]
[WhiteElo "2240"]
[BlackElo "2250"]
[PlyCount "148"]
[EventDate "2001.??.??"]
[Source "www.chesslib.no"]
[SourceDate "2004.05.04"]

1. e4 e6 2. c4 d5 3. exd5 exd5 4. cxd5 Nf6 5. Bb5+ Nbd7 6. Nc3 Be7 7. Nf3 O-O 8. O-O Nb6 9. d4 Nbxd5 10. Bg5 c6 11. Bd3 Be6 12. Rc1 Re8 13. a3 Nxc3 14. bxc3 Nd5 15. Bxe7 Qxe7 16. c4 Nf4 17. Qd2 Qf6 18. Rfe1 Bg4 19. Be4 Nxg2 20. Kxg2 Rxe4 21. Ne5 Bf3+ 22. Kg1 Rf4 23. Nxf3 Rxf3 24. Rc3 Rf4 25. Rce3 h6 26. d5 cxd5 27. cxd5 Rd4 28. Qc2 Qg6+ 29. Qxg6 fxg6 30. Re7 Rf8 31. Rxb7 Rf7 32. Re8+ Rf8 33. Ree7 Rd8 34. Rxg7+ Kh8 35. Rh7+ Kg8 36. Rbg7+ Kf8 37. Rxa7 Kg8 38. Rag7+ Kf8 39. Rb7 Kg8 40. Rxh6 Rg4+ 41. Kf1 Rxd5 42. Rhh7 Ra4 43. Rhg7+ Kh8 44. Rgc7 Rd8 45. Rh7+ Kg8 46. Rbg7+ Kf8 47. Ra7 Rd1+ 48. Kg2 Kg8 49. Rxa4 Kxh7 50. h4 Kh6 51. Rf4 Ra1 52. a4 Ra3 53. f3 Ra2+ 54. Kg3 Kh5 55. Rf8 Kh6 56. Rh8+ Kg7 57. Ra8 Ra1 58. Ra5 Rg1+ 59. Kf4 Rh1 60. h5 gxh5 61. Kg5 h4 62. Kg4 h3 63. Ra7+ Kf8 64. Kg3 h2 65. Ra5 Kg7 66. Rg5+ Kf6 67. Rh5 Ra1 68. Kxh2 Rxa4 69. Kg3 Rb4 70. Ra5 Kf7 71. Ra6 Rc4 72. f4 Rb4 73. Kg4 Rb5 74. f5 Rb1 1/2-1/2

[Event "Biel op MTO"]
[Site "Biel"]
[Date "1997.??.??"]
[Round "4"]
[White "Sermier, Guillaume"]
[Black "Caruso, Daniele"]
[Result "1/2-1/2"]
[WhiteElo "2355"]
[BlackElo "2130"]
[PlyCount "72"]
[EventDate "1997.07.21"]
[Source "ChessBase"]
[SourceDate "1997.11.24"]

1. e4 e6 2. c4 d5 3. exd5 exd5 4. cxd5 Nf6 5. Bb5+ Nbd7 6. Nc3 Be7 7. Nge2 O-O 8. Bxd7 Qxd7 9. Qb3 Rd8 10. Nf4 Bd6 11. d4 Re8+ 12. Kf1 Qf5 13. Nce2 b6 14. Be3 Ba6 15. Kg1 Bxf4 16. Nxf4 g5 17. Nh3 g4 18. Nf4 Re4 19. g3 Bb7 20. h3 gxh3 21. f3 Rxf4 22. Bxf4 Bxd5 23. Qc3 Re8 24. Rh2 c6 25. Rf2 Nh5 26. Qd2 Nxf4 27. gxf4 Qh5 28. Re1 h2+ 29. Rxh2 Rxe1+ 30. Qxe1 Qxf3 31. Qe8+ Kg7 32. Qe5+ Kg8 33. f5 Qd1+ 34. Kf2 Qd2+ 35. Kg3 Qg5+ 36. Kf2 Qd2+ 1/2-1/2

[Event "Oberliga Wuert 9394"]
[Site "Wuerttemberg"]
[Date "1994.??.??"]
[Round "?"]
[White "Seeger, Werner"]
[Black "Jurek, Josef"]
[Result "0-1"]
[WhiteElo "2205"]
[BlackElo "2280"]
[PlyCount "82"]
[EventDate "1993.10.??"]
[Source "www.chesslib.no"]
[SourceDate "2004.05.04"]

1. e4 e6 2. c4 d5 3. cxd5 exd5 4. exd5 Nf6 5. Bb5+ Bd7 6. Bc4 Be7 7. Qb3 Qc8 8. Ne2 O-O 9. Nbc3 Bf5 10. d4 c6 11. a4 cxd5 12. Nxd5 Nxd5 13. Bxd5 Nc6 14. Bxc6 bxc6 15. O-O Rb8 16. Qg3 Bf6 17. Ra3 Bg4 18. f3 Be6 19. Rd1 Bb3 20. Re1 Qd8 21. Bf4 Bh4 22. Bxb8 Bxg3 23. Bxg3 Bc4 24. Bf2 Re8 25. Re3 Rxe3 26. Bxe3 h6 27. Nc3 Qb6 28. Ne4 Qxb2 29. Nc5 g5 30. h3 f6 31. Bf2 Kf7 32. Ne4 Qb4 33. Bg3 Bd5 34. Nd6+ Kg6 35. Re7 h5 36. Nc8 a6 37. Bd6 Qxd4+ 38. Kh2 g4 39. Rd7 gxf3 40. Ne7+ Kg5 41. Ba3 Qf4+ 0-1

[Event "Leuven"]
[Site "?"]
[Date "2006.11.11"]
[Round "?"]
[White "Hennipman Rene"]
[Black "Van Mechelen Jan"]
[Result "0-1"]
[WhiteElo "2200"]
[BlackElo "2278"]
[PlyCount "66"]
[EventDate "2006.??.??"]
[Source "www.chesslib.no"]
[SourceDate "2004.05.04"]

1. e4 e6 2. c4 d5 3. exd5 exd5 4. cxd5 Nf6 5. Bb5+ Nbd7 6. Nc3 Be7 7. Nf3 O-O 8. Bxd7 Qxd7 9. Ne5 Qf5 10. d4 Bb4 11. O-O Bxc3 12. bxc3 Nxd5 13. Ba3 Re8 14. Qd2 f6 15. Nc4 Be6 16. Rfe1 Bf7 17. Rad1 h5 18. h3 h4 19. Rxe8+ Rxe8 20. Ne3 Nxe3 21. fxe3 Qe4 22. Re1 Bd5 23. Bc1 Re6 24. Re2 Ra6 25. a3 Rb6 26. Rf2 g5 27. Qc2 Rb1 28. c4 Qxc2 29. Rxc2 Be4 30. Rc3 Ra1 31. d5 Ra2 32. Rb3 Rxg2+ 33. Kf1 g4 0-1

[Event "HUN-chT 0102"]
[Site "?"]
[Date "2002.03.24"]
[Round "9"]
[White "Csikos Mihaly"]
[Black "Marti Gyorgy"]
[Result "1/2-1/2"]
[WhiteElo "2198"]
[BlackElo "2279"]
[PlyCount "24"]
[EventDate "2002.??.??"]
[Source "www.chesslib.no"]
[SourceDate "2004.05.04"]

1. e4 e6 2. c4 d5 3. cxd5 exd5 4. exd5 Nf6 5. Bb5+ Bd7 6. Bc4 Bd6 7. Qe2+ Qe7 8. Qxe7+ Bxe7 9. Nf3 O-O 10. O-O Bg4 11. Ne5 Bd6 12. d4 Nbd7 1/2-1/2

[Event "Acropolis 2006 Open Section"]
[Site "http://www.chessfed.gr/Acropo"]
[Date "2006.08.17"]
[Round "5.34"]
[White "Pandavos, Panayotis"]
[Black "Kakadelis, Str"]
[Result "0-1"]
[WhiteElo "2312"]
[BlackElo "2157"]
[PlyCount "62"]
[EventDate "2006.08.13"]
[Source "www.chesslib.no"]
[SourceDate "2004.05.04"]

1. e4 e6 2. c4 c5 3. Nc3 Nc6 4. Nf3 a6 5. d4 cxd4 6. Nxd4 Qc7 7. Nc2 Nf6 8. Be2 b6 9. O-O Ne5 10. Ne3 Bb7 11. f4 Ng6 12. e5 Ne4 13. Nxe4 Bxe4 14. Bf3 Qc6 15. Bxe4 Qxe4 16. Qf3 Qxf3 17. Rxf3 d6 18. exd6 Bxd6 19. g3 O-O-O 20. Kf1 h5 21. h4 Bc5 22. Ke2 Ne7 23. Nc2 Nf5 24. b4 Bd4 25. Rb1 Rd7 26. Rbb3 Rhd8 27. Rbd3 Kb7 28. Bd2 Rc8 29. Ne3 Nxe3 30. Rfxe3 Rxc4 31. Re4 Rd5 0-1